• 首页
  • 本馆介绍
  • 公告通知
  • 最新文献
  • 馆藏检索
  • 电子资源
  • 读者导购
  • 参考咨询
  • 我的图书馆
  • 登录
  • 详细信息显示
  • 放入我的书架
  • 预约/预借图书
  • 作者相关作品
  • 分类相关作品
  • 丛书相关作品
  • 出版社相关作品

书目信息

  • 表格格式
  • 工作单格式
  • 卡片格式
题名:
体育基础理论与实践教程
    
 
作者: 王少华 主编
分册:  
出版信息: 北京   北京体育大学出版社  2001
页数: 433页
开本: 20cm
丛书名:
单 册:
中图分类: G80
科图分类:
主题词: 体育理论--高等学校--教材
电子资源:
ISBN: 7-81003-851-6
000 00591nam0 2200193 45
001 0310251063
005 20031219104120.6
010    @a7-81003-851-6@dCNY19.80
100    @a20031025d2001 km y0chiy0120 ea
101 0  @achi
105    @a z 000yy
200 1  @a体育基础理论与实践教程@ATi Yu Ji Chu Li Lun Yu Shi Jian Jiao Cheng@f王少华主编@FWang Shao Hua Zhu Bian
210    @a北京@c北京体育大学出版社@d2001
215    @a433页@d20cm
606 0  @a体育理论@x高等学校@x教材
690    @aG80@v4
701  0 @a王少华@4主编
801    @aCN@bTSTC@c20031025
905    @a213230@b327066-070@dG80@e112@f5
    
    体育基础理论与实践教程/王少华主编.-北京:北京体育大学出版社,2001
    433页;20cm
    
    
    ISBN 7-81003-851-6:CNY19.80
    
●
相关链接 在E读中查询图书 在五车中查询图书 在当当中查询图书 在豆瓣中查询图书


正题名:体育基础理论与实践教程     索取号:G80/112         预约/预借

序号 登录号 条形码 馆藏地/架位号 状态 备注
1 0327066   203270664   密集书库/ [索取号:G80/112] 在馆    
2 0327067   203270673   密集书库/ [索取号:G80/112] 在馆    
3 0327068   203270682   第四借阅区/ [索取号:G80/112] 在馆    
4 0327069   203270691   第四借阅区/ [索取号:G80/112] 在馆    
5 0327070   203270708   第一样本阅览室/ [索取号:G80/112] 在馆    
唐山师范学院图书馆 欢迎您!
大连网信软件有限公司© 版权所有